000 00290nam a22001337a 4500
008 170516b xxu||||| |||| 00| 0 eng d
020 _a9780133415889
041 _aeng
080 _a94
100 _a16
101 _aSHH
245 _aWESTERN CIVILIZATION
_cROGERS.P.M
942 _2udc
_cBK
999 _c13343
_d13343